<?xml version="1.0" encoding="UTF-8"?>
<record
    xmlns:xsi="http://www.w3.org/2001/XMLSchema-instance"
    xsi:schemaLocation="http://www.loc.gov/MARC21/slim http://www.loc.gov/standards/marcxml/schema/MARC21slim.xsd"
    xmlns="http://www.loc.gov/MARC21/slim">

  <leader>03020nam a2200277 a 4500</leader>
  <controlfield tag="003">OSt</controlfield>
  <controlfield tag="005">20251111145349.0</controlfield>
  <controlfield tag="007">cr ||||||a|c|a</controlfield>
  <controlfield tag="008">231205s2019    mx a|||fom||| 001 0 spa d</controlfield>
  <datafield tag="040" ind1=" " ind2=" ">
    <subfield code="e">rda</subfield>
  </datafield>
  <datafield tag="100" ind1="1" ind2=" ">
    <subfield code="9">188400</subfield>
    <subfield code="a">Ram&#xED;rez Ram&#xED;rez, Erika Evelin</subfield>
  </datafield>
  <datafield tag="245" ind1="1" ind2="0">
    <subfield code="a">Evaluaci&#xF3;n de la resistencia en  pl&#xE1;ntula a roya del tallo (Puccina graminis f. sp. avenae Erikss &amp; Henning) en genotipos de avena /</subfield>
    <subfield code="c">por Erika Evelin Ram&#xED;rez Ram&#xED;rez; director de tesis Santos Gerardo Leyva Mir.</subfield>
  </datafield>
  <datafield tag="264" ind1=" " ind2="1">
    <subfield code="a">Chapingo, M&#xE9;xico :</subfield>
    <subfield code="b">El autor,</subfield>
    <subfield code="c">2019.</subfield>
  </datafield>
  <datafield tag="300" ind1=" " ind2=" ">
    <subfield code="a">1 recurso en l&#xED;nea ( 62 p&#xE1;ginas):</subfield>
    <subfield code="b">cuadros, figuras.</subfield>
  </datafield>
  <datafield tag="336" ind1=" " ind2=" ">
    <subfield code="2">rdacontent</subfield>
    <subfield code="a">texto</subfield>
    <subfield code="b">txt</subfield>
  </datafield>
  <datafield tag="337" ind1=" " ind2=" ">
    <subfield code="2">rdamedia</subfield>
    <subfield code="a">computadora</subfield>
    <subfield code="b">c</subfield>
  </datafield>
  <datafield tag="338" ind1=" " ind2=" ">
    <subfield code="2">rdacarrier</subfield>
    <subfield code="a">recurso en l&#xED;nea</subfield>
    <subfield code="b">cr</subfield>
  </datafield>
  <datafield tag="502" ind1=" " ind2=" ">
    <subfield code="b">IAEPA</subfield>
    <subfield code="c">Parasitolog&#xED;a</subfield>
    <subfield code="d">2019.</subfield>
  </datafield>
  <datafield tag="504" ind1=" " ind2=" ">
    <subfield code="a">Incluye referencias bibliogr&#xE1;ficas: p&#xE1;ginas 42-49.</subfield>
  </datafield>
  <datafield tag="520" ind1=" " ind2=" ">
    <subfield code="a">Se estudi&#xF3; la resistencia gen&#xE9;tica de 50 genotipos de avena del 18vo. EUAVENA (Dieciochoavo Ensayo Uniforme de Avena) del Programa Nacional de Mejoramiento Gen&#xE9;tico de Avena del INIFAP, contra la roya del tallo (Puccinia graminis f. sp. avenae Erikss &amp; Henn) de las cuales 13 fueron variedades liberadas fueron utilizadas como testigo, 9 de ellas con genes de virulencia identificados ( Pg3, 4, 5, 6, 7, 9, 10, 11 y 12) y 37 l&#xED;neas avanzadas. Se realizaron inoculaciones en estado de pl&#xE1;ntula con las razas de roya del tallo TNQ y TFQ (2014) y los aislamientos 18.1 (1) y 21.1 (1) (2018). Las reacciones se registraron con base en la escala de Roelfs et al. (1992) de roya del tallo del trigo. Los genotipos se establecieron en invernadero bajo un dise&#xF1;o completamente al azar con dos repeticiones realizando la toma de infecci&#xF3;n (TI) a los 14 d&#xED;as despu&#xE9;s de la inoculaci&#xF3;n. Las variedades Diamante R31, Karma y Menonita mostraron resistencia a la raza TNQ, por lo que se infiere que poseen los genes de avirulencia Pg8, Pg10, Pg15, Pg16 para esta raza. Las l&#xED;neas 28 (KAR/GAL//CIR/KAR/3/BLENDA//KAR/4/PMG83/83.109(8C.OC)/KAR/3/X93AB1 1=GUA9/79BOR/KEN.R//87GUA.1RES) mostr&#xF3; resistencia a las razas TFQ y TNQ y al aislamiento 18.1 (1). De acuerdo con la f&#xF3;rmula de avirulencia/virulencia de las razas inoculadas, esta l&#xED;nea puede tener los genes Pg6, Pg8, Pg10, Pg15 y Pg 16. La l&#xED;nea 48 (DIAM/3/KAR/A//X93AB-47=UFR95-88-1980/GUAIBASEL-1-CTC- 84B993"B") mostr&#xF3; resistencia a la raza TFQ, evidenciando que posee los genes de avirulencia Pg6, Pg8 y Pg15, y con resistencia a dos aislamientos utilizados. Estos genotipos, por su resistencia a las razas y aislamientos inoculados, pueden ser tomados en cuenta como fuente de resistencia en los cruzamientos dirigidos para el mejoramiento gen&#xE9;tico del cultivo de avena.</subfield>
  </datafield>
  <datafield tag="650" ind1=" " ind2="4">
    <subfield code="9">8517</subfield>
    <subfield code="a">Avena</subfield>
    <subfield code="x">Enfermedades</subfield>
  </datafield>
  <datafield tag="650" ind1=" " ind2="4">
    <subfield code="9">129457</subfield>
    <subfield code="a">Hongos fitopat&#xF3;genos</subfield>
    <subfield code="x">Control</subfield>
  </datafield>
  <datafield tag="700" ind1="1" ind2=" ">
    <subfield code="a">Leyva Mir, Santos Gerardo</subfield>
    <subfield code="e">director.</subfield>
    <subfield code="9">66581</subfield>
  </datafield>
  <datafield tag="856" ind1=" " ind2=" ">
    <subfield code="u">http://10.13.5.2/tesis/tl/Ramirez_Ramirez_Erika_Evelin.pdf</subfield>
    <subfield code="z">DESCARGAR PDF</subfield>
  </datafield>
  <datafield tag="942" ind1=" " ind2=" ">
    <subfield code="2">Clasificaci&#xF3;n Universidad Aut&#xF3;noma Chapingo</subfield>
    <subfield code="c">TD</subfield>
  </datafield>
  <datafield tag="999" ind1=" " ind2=" ">
    <subfield code="c">219496</subfield>
    <subfield code="d">219496</subfield>
  </datafield>
  <datafield tag="952" ind1=" " ind2=" ">
    <subfield code="0">0</subfield>
    <subfield code="1">0</subfield>
    <subfield code="2">local</subfield>
    <subfield code="4">0</subfield>
    <subfield code="5">1</subfield>
    <subfield code="7">0</subfield>
    <subfield code="8">TesDigL</subfield>
    <subfield code="a">BD</subfield>
    <subfield code="b">BD</subfield>
    <subfield code="c">E_L</subfield>
    <subfield code="d">2024-02-23</subfield>
    <subfield code="l">0</subfield>
    <subfield code="o">Tesis digital</subfield>
    <subfield code="r">2024-02-23 00:00:00</subfield>
    <subfield code="w">2024-02-23</subfield>
    <subfield code="y">TD</subfield>
  </datafield>
</record>
